[Event "IECC Swiss-540.2"]
[Site "IECC email"]
[Date "2009.08.25"]
[Round "?"]
[White "Bladyko, Pawel"]
[Black "Reilly, Jim"]
[Result "1-0"]
[WhiteElo "1740"]
[BlackElo "1428"]
[PlyCount "63"]
[EventDate "2009.??.??"]
[EventType "swiss (corr)"]
[EventRounds "1"]
[SourceTitle "Telechess CBM 137"]
[Source "ChessBase"]
[SourceDate "2010.07.15"]
[SourceVersion "1"]
[SourceVersionDate "2010.07.15"]
[SourceQuality "1"]
[WhiteTeam "Poland"]
[BlackTeam "US of America"]
[WhiteTeamCountry "POL"]
[BlackTeamCountry "USA"]

1. e4 c5 2. Nf3 Nc6 3. d4 cxd4 4. Nxd4 Nf6 5. Nc3 d6 6. Bb5 Bd7 7. 0-0 e5 8. Nf5 Bxf5 9. exf5 a6 10. Bc4 Be7 11. Nd5 0-0 12. c3 b5 13. Bb3 Na5 14. Nxf6+ Bxf6 15. Bd5 Rc8 16. Qf3 Qd7 17. Rd1 Nc4 18. Bb7 Rc7 19. Be4 Rfc8 20. Rd3 Qe7 21. b3 Na5 22. Ba3 Rd8 23. Rad1 Nb7 24. Bxb7 e4 25. Bxe4 Be5 26. Bb4 Rcd7 27. Qg4 Qf6 28. f4 d5 29. fxe5 h5 30. Qxh5 Qxe5 31. Rh3 f6 32. Qh7+ 1-0

[Event "IECC Swiss-533.2"]
[Site "IECC email"]
[Date "2009.05.12"]
[Round "?"]
[White "Reilly, Jim"]
[Black "Kinna, Michael"]
[Result "0-1"]
[WhiteElo "1440"]
[BlackElo "1263"]
[PlyCount "100"]
[EventDate "2009.??.??"]
[EventType "tourn (corr)"]
[EventRounds "1"]
[SourceTitle "Telechess CBM 137"]
[Source "ChessBase"]
[SourceDate "2010.07.15"]
[SourceVersion "1"]
[SourceVersionDate "2010.07.15"]
[SourceQuality "1"]
[WhiteTeam "US of America"]
[WhiteTeamCountry "USA"]

1. e4 c5 2. Nf3 Nc6 3. d4 cxd4 4. Nxd4 Nf6 5. Nc3 d6 6. Bg5 e6 7. Qd2 a6 8. 0-0-0 Bd7 9. f4 b5 10. Bxf6 gxf6 11. f5 Nxd4 12. Qxd4 Bh6+ 13. Kb1 Bf4 14. fxe6 fxe6 15. Ne2 Be5 16. Qd2 Rc8 17. Ng3 Bc6 18. Be2 Bxg3 19. hxg3 Bxe4 20. Rc1 d5 21. Bh5+ Ke7 22. Ka1 Qc7 23. Qf2 Rhg8 24. g4 Qc5 25. Qd2 Rc6 26. Rhf1 Rg5 27. Qf4 e5 28. Qd2 h6 29. g3 f5 30. Qe2 Qc4 31. Qf2 d4 32. Qd2 d3 33. cxd3 Qxd3 34. Qb4+ Qd6 35. Qxd6+ Rxd6 36. Rc7+ Rd7 37. Rcc1 fxg4 38. Bf7 Rf5 39. Rfe1 Kxf7 40. Rxe4 h5 41. Kb1 Rd2 42. Rce1 Kf6 43. b4 Rd3 44. Rg1 Rf2 45. Rge1 Rxg3 46. Rxe5 h4 47. Re6+ Kf5 48. Re8 Kg6 49. R8e6+ Rf6 50. R6e2 h3 0-1

[Event "IECC Swiss-529.1"]
[Site "IECC email"]
[Date "2007.09.09"]
[Round "?"]
[White "Bottoni, Carlo"]
[Black "Reilly, Jim"]
[Result "1-0"]
[WhiteElo "1681"]
[BlackElo "1358"]
[PlyCount "125"]
[EventDate "2007.??.??"]
[EventType "swiss (corr)"]
[EventRounds "1"]
[SourceTitle "Corr 2020"]
[Source "ChessBase"]
[SourceDate "2019.09.30"]
[SourceVersion "1"]
[SourceVersionDate "2019.09.30"]
[SourceQuality "1"]
[WhiteTeam "Italy"]
[BlackTeam "United States"]
[WhiteTeamCountry "ITA"]
[BlackTeamCountry "USA"]

1. Nc3 d5 2. d4 Nf6 3. Bg5 Nbd7 4. Nf3 g6 5. e3 Bg7 6. Bd3 0-0 7. 0-0 c5 8. Re1 b6 9. Bb5 Bb7 10. Ne5 a6 11. Bc6 Ra7 12. Nxd7 Nxd7 13. Bxb7 Rxb7 14. Nxd5 f6 15. Bh4 Nb8 16. Qf3 Rd7 17. c4 e6 18. Nf4 Rd6 19. dxc5 bxc5 20. Rad1 Qb6 21. Rxd6 Qxd6 22. Bg3 Qb6 23. Rd1 f5 24. b4 cxb4 25. c5 Qc6 26. Qxc6 Nxc6 27. Nxe6 Rc8 28. Nxg7 Kxg7 29. Kf1 a5 30. Ke2 Kf7 31. Rd7+ Kg8 32. f3 h6 33. Kd3 a4 34. Kc4 a3 35. Bc7 Kf8 36. Kb5 Nb8 37. Bd6+ Ke8 38. Rg7 b3 39. axb3 Nc6 40. Rg8+ Kd7 41. Rxc8 Na7+ 42. Ka4 a2 43. Be5 Nxc8 44. Ba1 Kc6 45. b4 Na7 46. e4 fxe4 47. fxe4 Nb5 48. g4 Nc7 49. Kb3 Ne6 50. Kxa2 Kb5 51. Kb3 h5 52. gxh5 gxh5 53. Bf6 Nf4 54. Kc2 Ne6 55. Kc3 Nf4 56. Kd2 Ne6 57. Be5 Nd8 58. Bf6 Ne6 59. Bc3 Kc6 60. Kc2 Kb5 61. Kd3 Nc7 62. Bd2 Ne6 63. h4 1-0

[Event "IECC Swiss-494.4"]
[Site "IECC email"]
[Date "2006.09.25"]
[Round "?"]
[White "Reilly, Jim"]
[Black "Bladyko, Pawel"]
[Result "0-1"]
[WhiteElo "1377"]
[BlackElo "1682"]
[PlyCount "60"]
[EventDate "2006.??.??"]
[EventType "swiss (corr)"]
[EventRounds "1"]
[SourceTitle "Corr 2020"]
[Source "ChessBase"]
[SourceDate "2019.09.30"]
[SourceVersion "1"]
[SourceVersionDate "2019.09.30"]
[SourceQuality "1"]
[WhiteTeam "United States"]
[BlackTeam "Poland"]
[WhiteTeamCountry "USA"]
[BlackTeamCountry "POL"]

1. e4 e5 2. Nf3 Nc6 3. Bb5 a6 4. Ba4 Nf6 5. 0-0 Be7 6. Re1 b5 7. Bb3 0-0 8. a4 b4 9. d4 Nxd4 10. Nxd4 exd4 11. Qxd4 c5 12. Qd3 d6 13. Bg5 Ng4 14. Bxe7 Qxe7 15. Ra2 Ne5 16. Qf1 c4 17. Bxc4 Nxc4 18. Qxc4 Be6 19. Qxb4 Bxa2 20. Nc3 Rab8 21. Qa3 Be6 22. b3 Qc7 23. Qa1 Rb6 24. Re3 Rc6 25. Qe1 Qa5 26. Rg3 Rfc8 27. Qd2 Rxc3 28. Qd4 Rxg3 29. hxg3 Rxc2 30. Qxd6 Rc1+ 0-1

[Event "IECC Swiss-500.3"]
[Site "IECC email"]
[Date "2006.07.31"]
[Round "?"]
[White "Chedid, Rafael Antonio"]
[Black "Reilly, Jim"]
[Result "1/2-1/2"]
[WhiteElo "1230"]
[BlackElo "1383"]
[PlyCount "61"]
[EventDate "2006.??.??"]
[EventType "swiss (corr)"]
[EventRounds "1"]
[SourceTitle "Corr 2020"]
[Source "ChessBase"]
[SourceDate "2019.09.30"]
[SourceVersion "1"]
[SourceVersionDate "2019.09.30"]
[SourceQuality "1"]
[WhiteTeam "Brazil"]
[BlackTeam "United States"]
[WhiteTeamCountry "BRA"]
[BlackTeamCountry "USA"]

1. e4 c5 2. Nf3 e6 3. d4 cxd4 4. Nxd4 Nf6 5. Nc3 d6 6. Be2 Be7 7. f3 0-0 8. Be3 Nc6 9. Qd2 a6 10. g4 Nxd4 11. Bxd4 e5 12. Be3 Be6 13. 0-0-0 b5 14. Nd5 Nxd5 15. exd5 Bd7 16. Bd3 a5 17. Kb1 f5 18. gxf5 Bxf5 19. Bxf5 Rxf5 20. Qg2 g6 21. Rhg1 Qf8 22. Rdf1 Qf7 23. Qg4 Kh8 24. Qe4 b4 25. Rg3 Rc8 26. Rfg1 Bd8 27. Rh3 Kg8 28. Rg2 Rb8 29. Rhg3 Rb5 30. Rd2 Kh8 31. Qd3 1/2-1/2

[Event "IECC Swiss-497.3"]
[Site "IECC email"]
[Date "2006.05.10"]
[Round "?"]
[White "Magee, Kerry"]
[Black "Reilly, Jim"]
[Result "0-1"]
[WhiteElo "870"]
[BlackElo "1354"]
[PlyCount "82"]
[EventDate "2006.??.??"]
[EventType "swiss (corr)"]
[EventRounds "1"]
[SourceTitle "Corr 2020"]
[Source "ChessBase"]
[SourceDate "2019.09.30"]
[SourceVersion "1"]
[SourceVersionDate "2019.09.30"]
[SourceQuality "1"]
[WhiteTeam "United States"]
[BlackTeam "United States"]
[WhiteTeamCountry "USA"]
[BlackTeamCountry "USA"]

1. e4 c5 2. Nf3 d6 3. d4 cxd4 4. Nxd4 Nf6 5. Nc3 a6 6. Bg5 e6 7. f4 Qb6 8. Qd2 Qxb2 9. Rb1 Qa3 10. Bd3 Nc6 11. Bxf6 gxf6 12. Nxc6 bxc6 13. f5 e5 14. 0-0 Qc5+ 15. Kh1 Qa5 16. Rb2 Bg7 17. Rfb1 Qc7 18. Na4 0-0 19. Qb4 a5 20. Qb6 Qd7 21. Qe3 Qc7 22. Qb6 Qxb6 23. Nxb6 Rb8 24. Nxc8 Rbxc8 25. Rb7 Rfd8 26. Ra7 d5 27. Rxa5 dxe4 28. Bxe4 Rd6 29. g4 Rd4 30. Bd3 Rcd8 31. h3 e4 32. Be2 Bf8 33. Kg2 Rd2 34. Kf2 Bh6 35. Rc5 Ra8 36. Rxc6 Rxa2 37. Rxf6 Bg5 38. Rfb6 Raxc2 39. Re1 Bh4+ 40. Kf1 Bxe1 41. Kxe1 Rxe2+ 0-1

[Event "IECC Swiss-497.2"]
[Site "IECC email"]
[Date "2005.10.21"]
[Round "?"]
[White "Reilly, Jim"]
[Black "Krunski, Jan Maria"]
[Result "0-1"]
[WhiteElo "1419"]
[BlackElo "1751"]
[PlyCount "62"]
[EventDate "2005.??.??"]
[EventType "swiss (corr)"]
[EventRounds "1"]
[SourceTitle "Corr 2008"]
[Source "ChessBase"]
[SourceDate "2008.06.24"]
[SourceVersion "1"]
[SourceVersionDate "2008.06.24"]
[SourceQuality "1"]

1. e4 e5 2. Nf3 Nc6 3. Bb5 a6 4. Ba4 Nf6 5. Qe2 b5 6. Bb3 Bb7 7. c3 Bc5 8. Ng5 0-0 9. 0-0 Qe7 10. d3 a5 11. a4 b4 12. Bd2 bxc3 13. bxc3 Ra6 14. Na3 Bxa3 15. Rfb1 Rb6 16. Be3 Bc5 17. Nxf7 Rxf7 18. Bxf7+ Kxf7 19. Qa2+ Kf8 20. Re1 Bxe3 21. Rxe3 Qc5 22. Qd2 Rb3 23. Rc1 Qa3 24. Ree1 Qxa4 25. Ra1 Qb5 26. Qc2 Rb2 27. Qd1 Qc5 28. d4 exd4 29. cxd4 Nxd4 30. e5 Qc6 31. f3 Nxf3+ 0-1

[Event "IECC Swiss-477.3"]
[Site "IECC email"]
[Date "2004.12.14"]
[Round "?"]
[White "Reilly, Jim"]
[Black "Magalhaes, Joao Flavio"]
[Result "0-1"]
[WhiteElo "1470"]
[BlackElo "1494"]
[PlyCount "62"]
[EventDate "2004.??.??"]
[EventType "swiss (corr)"]
[EventRounds "1"]
[SourceTitle "Corr 2020"]
[Source "ChessBase"]
[SourceDate "2019.09.30"]
[SourceVersion "1"]
[SourceVersionDate "2019.09.30"]
[SourceQuality "1"]
[WhiteTeam "United States"]
[BlackTeam "Brazil"]
[WhiteTeamCountry "USA"]
[BlackTeamCountry "BRA"]

1. e4 e5 2. Nf3 Nc6 3. Bb5 Bc5 4. c3 Nf6 5. d4 exd4 6. e5 Ng4 7. Bg5 dxc3 8. Bxd8 cxb2 9. Nbd2 Nxf2 10. Qb1 bxa1R 11. Qxa1 Nxh1 12. Bh4 0-0 13. Bc4 d6 14. Ne4 Re8 15. Bxf7+ Kxf7 16. Nxc5 dxc5 17. Kf1 Bg4 18. Ng5+ Kg6 19. e6 h6 20. Qc1 Nd4 21. Qxc5 Nf5 22. Nf7 Nxh4 23. Ne5+ Kh7 24. Nxg4 Rxe6 25. g3 b6 26. Qc2+ Ng6 27. Kg2 Rae8 28. Kh3 h5 29. Nf2 Re2 30. Qf5 Nxf2+ 31. Kg2 Ng4+ 0-1

[Event "IECC Swiss-444.4"]
[Site "IECC email"]
[Date "2004.01.18"]
[Round "?"]
[White "Jordaan, Wayne"]
[Black "Reilly, Jim"]
[Result "1-0"]
[WhiteElo "1652"]
[BlackElo "1484"]
[PlyCount "43"]
[EventDate "2004.??.??"]
[EventType "swiss (corr)"]
[EventRounds "1"]
[SourceTitle "Corr 2020"]
[Source "ChessBase"]
[SourceDate "2019.09.30"]
[SourceVersion "1"]
[SourceVersionDate "2019.09.30"]
[SourceQuality "1"]
[WhiteTeam "South Africa"]
[BlackTeam "United States"]
[WhiteTeamCountry "RSA"]
[BlackTeamCountry "USA"]

1. d4 Nf6 2. Nf3 b6 3. Bg5 Bb7 4. Nc3 e6 5. e4 d6 6. Bb5+ Bc6 7. Bxc6+ Nxc6 8. 0-0 Be7 9. d5 exd5 10. exd5 Nb4 11. a3 Na6 12. Qe2 Nc5 13. Bxf6 gxf6 14. Nd4 Qd7 15. Rae1 Kf8 16. b4 Nb7 17. Qh5 Rg8 18. Nf5 Rg5 19. Qh6+ Ke8 20. Qxf6 Kd8 21. Nxe7 h6 22. Qxf7 1-0

[Event "IECC Swiss email"]
[Site "IECC email"]
[Date "2003.02.23"]
[Round "?"]
[White "Humen, John F"]
[Black "Reilly, Jim"]
[Result "1-0"]
[WhiteElo "1905"]
[BlackElo "1479"]
[PlyCount "69"]
[EventDate "2003.??.??"]
[EventType "tourn (corr)"]
[EventRounds "6"]
[SourceTitle "Corr 2008"]
[Source "ChessBase"]
[SourceDate "2008.06.24"]
[SourceVersion "1"]
[SourceVersionDate "2008.06.24"]
[SourceQuality "1"]

1. d4 Nf6 2. c4 g6 3. Nc3 Bg7 4. e4 d6 5. Nf3 0-0 6. Be2 e5 7. 0-0 Nc6 8. d5 Ne7 9. Nd2 c5 10. Rb1 Ne8 11. b4 b6 12. bxc5 bxc5 13. Nb3 f5 14. Bg5 h6 15. Be3 Nf6 16. f3 f4 17. Bxc5 dxc5 18. Nxc5 Qd6 19. Nb3 Nd7 20. Nb5 Qb6+ 21. Kh1 Rf6 22. d6 Nc6 23. Qd5+ Kh7 24. c5 Qb7 25. Nc7 Rb8 26. Ba6 Nb4 27. Bxb7 Nxd5 28. Bxd5 g5 29. Ne6 Nf8 30. Nxg7 Kxg7 31. Na5 Nd7 32. c6 Rxb1 33. Rxb1 Rxd6 34. Nc4 Rf6 35. cxd7 1-0

[Event "IECC Swiss email"]
[Site "IECC email"]
[Date "2002.11.17"]
[Round "?"]
[White "Wozniak, Zbigniew"]
[Black "Reilly, Jim"]
[Result "1-0"]
[WhiteElo "1648"]
[BlackElo "1485"]
[PlyCount "51"]
[EventDate "2002.??.??"]
[EventType "tourn (corr)"]
[EventRounds "6"]
[SourceTitle "Corr 2008"]
[Source "ChessBase"]
[SourceDate "2008.06.24"]
[SourceVersion "1"]
[SourceVersionDate "2008.06.24"]
[SourceQuality "1"]

1. c4 e5 2. Nc3 Nf6 3. g3 c6 4. Nf3 e4 5. Nd4 d5 6. cxd5 cxd5 7. d3 Qb6 8. Nb3 Bb4 9. Be3 Qe6 10. Bg2 0-0 11. 0-0 Bxc3 12. bxc3 b6 13. a4 Ng4 14. Bf4 Nc6 15. a5 bxa5 16. dxe4 Qd7 17. exd5 Nce5 18. f3 Ng6 19. fxg4 Nxf4 20. Rxf4 Qd6 21. Nxa5 Rb8 22. Qd4 Bd7 23. Nc4 Qe7 24. Rxa7 Qd8 25. Be4 Be6 26. dxe6 1-0

[Event "IECC Swiss email"]
[Site "IECC email"]
[Date "2002.11.01"]
[Round "?"]
[White "Richardson, John R"]
[Black "Reilly, Jim"]
[Result "1-0"]
[WhiteElo "2021"]
[BlackElo "1475"]
[PlyCount "51"]
[EventDate "2002.??.??"]
[EventType "tourn (corr)"]
[EventRounds "6"]
[SourceTitle "Corr 2008"]
[Source "ChessBase"]
[SourceDate "2008.06.24"]
[SourceVersion "1"]
[SourceVersionDate "2008.06.24"]
[SourceQuality "1"]

1. e4 c5 2. Nc3 Nc6 3. g3 g6 4. Bg2 Bg7 5. d3 d6 6. f4 e6 7. Nf3 Nge7 8. 0-0 0-0 9. Be3 Nd4 10. e5 Nxf3+ 11. Qxf3 Nf5 12. Nb5 Nxe3 13. Qxe3 dxe5 14. fxe5 Qb6 15. c4 a6 16. Nd6 Qxb2 17. Rae1 Qb6 18. Rb1 Qd8 19. Bxb7 Bxb7 20. Rxb7 f5 21. Qxc5 Qg5 22. Rf4 Qh5 23. Qc7 Bxe5 24. Qe7 Bd4+ 25. Rxd4 Qd1+ 26. Kg2 1-0

[Event "IECC Swiss email"]
[Site "IECC email"]
[Date "2002.10.20"]
[Round "?"]
[White "Mann, Derek"]
[Black "Reilly, Jim"]
[Result "1-0"]
[WhiteElo "1799"]
[BlackElo "1477"]
[PlyCount "73"]
[EventDate "2002.??.??"]
[EventType "tourn (corr)"]
[EventRounds "6"]
[SourceTitle "Corr 2008"]
[Source "ChessBase"]
[SourceDate "2008.06.24"]
[SourceVersion "1"]
[SourceVersionDate "2008.06.24"]
[SourceQuality "1"]

1. e4 c5 2. Nf3 d6 3. Bb5+ Bd7 4. Bxd7+ Qxd7 5. 0-0 Nc6 6. d4 cxd4 7. Nxd4 Nxd4 8. Qxd4 e5 9. Qd3 Nf6 10. Bg5 Be7 11. Nc3 0-0 12. Rfd1 Rfd8 13. Bxf6 Bxf6 14. Qg3 Re8 15. Nd5 Bd8 16. c4 Rc8 17. b3 b5 18. Ne3 Re6 19. Qg4 Qb7 20. Nf5 Rg6 21. Nxd6 Rxg4 22. Nxb7 Bb6 23. c5 Bc7 24. f3 Rg6 25. a4 b4 26. Nd6 Ra8 27. Rac1 Rd8 28. Nb5 Ba5 29. Rxd8+ Bxd8 30. c6 Bb6+ 31. Kf1 h6 32. Nxa7 Bc7 33. Nb5 Bb6 34. Rc4 Re6 35. c7 Bxc7 36. Nxc7 Re7 37. a5 1-0

[Event "IECC CL5-2001.34"]
[Site "IECC email"]
[Date "2001.12.06"]
[Round "?"]
[White "Warren, John G"]
[Black "Reilly, Jim"]
[Result "1-0"]
[WhiteElo "1388"]
[BlackElo "1530"]
[PlyCount "75"]
[EventDate "2001.??.??"]
[EventType "tourn (corr)"]
[EventRounds "4"]
[SourceTitle "Corr 2008"]
[Source "ChessBase"]
[SourceDate "2008.06.24"]
[SourceVersion "1"]
[SourceVersionDate "2008.06.24"]
[SourceQuality "1"]

1. e4 c5 2. Nf3 d6 3. Bd3 e6 4. c3 Nf6 5. Bc2 Be7 6. 0-0 0-0 7. d4 cxd4 8. cxd4 b6 9. Re1 Nbd7 10. Nc3 Bb7 11. e5 Nd5 12. Qd3 g6 13. Ne4 Nb4 14. Qd2 Nxc2 15. Qxc2 dxe5 16. dxe5 f6 17. Bh6 Re8 18. exf6 Nxf6 19. Nfg5 Ng4 20. Nxe6 Qb8 21. Bf4 Bxe4 22. Rxe4 Qb7 23. Rc4 Bc5 24. Nxc5 bxc5 25. Rxc5 Re4 26. Rc4 Rae8 27. Rxe4 Rxe4 28. Bg3 Nh6 29. f3 Rb4 30. b3 Qd5 31. Re1 Qd7 32. Bf2 a6 33. Rd1 Qb7 34. Rd8+ Kf7 35. Qd2 Ke6 36. Qxh6 Qc7 37. Qe3+ Kf5 38. Rf8+ 1-0

[Event "IECC Swiss email"]
[Site "IECC email"]
[Date "2001.12.03"]
[Round "?"]
[White "Vorobyev, Albert A"]
[Black "Reilly, Jim"]
[Result "1-0"]
[WhiteElo "2008"]
[BlackElo "1530"]
[PlyCount "61"]
[EventDate "2001.??.??"]
[EventType "tourn (corr)"]
[EventRounds "6"]
[SourceTitle "Corr 2008"]
[Source "ChessBase"]
[SourceDate "2008.06.24"]
[SourceVersion "1"]
[SourceVersionDate "2008.06.24"]
[SourceQuality "1"]

1. d4 d5 2. c4 e6 3. Nf3 Nf6 4. Nc3 Bb4 5. Bg5 h6 6. Bxf6 Qxf6 7. Rc1 0-0 8. a3 Be7 9. cxd5 Bd7 10. Qb3 b6 11. e3 c6 12. Ne5 exd5 13. Nxd5 Qd6 14. Nxe7+ Qxe7 15. Ng6 Qd6 16. Nxf8 Qxf8 17. Be2 b5 18. Bf3 a5 19. 0-0 a4 20. Qc3 Ra6 21. Qc5 Qe8 22. Qd6 Be6 23. Rc5 Bc4 24. Rc1 Qf8 25. Qxf8+ Kxf8 26. d5 cxd5 27. Rc8+ Ke7 28. Rxb8 Rd6 29. Rb7+ Kf6 30. Rd1 Rc6 31. Rd7 1-0

[Event "IECC CL5-2001.18"]
[Site "IECC email"]
[Date "2001.06.16"]
[Round "?"]
[White "Raynolds, Pete"]
[Black "Reilly, Jim"]
[Result "1/2-1/2"]
[WhiteElo "1535"]
[BlackElo "1529"]
[PlyCount "63"]
[EventDate "2001.??.??"]
[EventType "tourn (corr)"]
[EventRounds "4"]
[SourceTitle "Corr 2008"]
[Source "ChessBase"]
[SourceDate "2008.06.24"]
[SourceVersion "1"]
[SourceVersionDate "2008.06.24"]
[SourceQuality "1"]

1. d4 d5 2. c4 e6 3. Nc3 Nf6 4. cxd5 exd5 5. Bg5 c6 6. Qc2 Be7 7. e3 Nbd7 8. Bd3 Nh5 9. Bxe7 Qxe7 10. 0-0-0 Nf8 11. h3 Nf6 12. Nf3 h6 13. Rhe1 Be6 14. e4 N8d7 15. exd5 cxd5 16. Kb1 0-0 17. Ne5 Rfe8 18. f4 Nxe5 19. dxe5 Nh5 20. Qf2 Rac8 21. f5 Bd7 22. g4 Qb4 23. Nxd5 Qc5 24. Qf3 Bc6 25. Be4 Rxe5 26. Rc1 Qa5 27. Qc3 Qxc3 28. Nxc3 Bxe4+ 29. Rxe4 Rxe4 30. Nxe4 Rxc1+ 31. Kxc1 Nf4 32. Nf2 1/2-1/2

[Event "IECC Swiss email"]
[Site "IECC email"]
[Date "2001.01.26"]
[Round "?"]
[White "Balabaev, Farit Gasisovich"]
[Black "Reilly, Jim"]
[Result "1-0"]
[WhiteElo "2264"]
[BlackElo "1554"]
[PlyCount "43"]
[EventDate "2001.??.??"]
[EventType "tourn (corr)"]
[EventRounds "6"]
[SourceTitle "Corr 2008"]
[Source "ChessBase"]
[SourceDate "2008.06.24"]
[SourceVersion "1"]
[SourceVersionDate "2008.06.24"]
[SourceQuality "1"]

1. e4 c5 2. Nf3 d6 3. d4 cxd4 4. Nxd4 Nf6 5. Nc3 a6 6. Be3 e6 7. f3 b5 8. g4 h6 9. Qd2 Nbd7 10. 0-0-0 Bb7 11. h4 Ne5 12. Rg1 Be7 13. g5 hxg5 14. hxg5 Nfd7 15. f4 Ng6 16. f5 exf5 17. exf5 Nge5 18. g6 Nf3 19. gxf7+ Kxf7 20. Rxg7+ Kxg7 21. Qg2+ Kf7 22. Qg6+ 1-0

[Event "IECC M email"]
[Site "IECC email"]
[Date "2000.10.12"]
[Round "?"]
[White "Romero, Paul L"]
[Black "Reilly, Jim"]
[Result "1-0"]
[WhiteElo "1549"]
[BlackElo "1551"]
[PlyCount "121"]
[EventDate "2000.??.??"]
[EventType "tourn (corr)"]
[EventRounds "2"]
[SourceTitle "Corr 2008"]
[Source "ChessBase"]
[SourceDate "2008.06.24"]
[SourceVersion "1"]
[SourceVersionDate "2008.06.24"]
[SourceQuality "1"]

1. d4 d5 2. Bg5 h6 3. Bh4 c5 4. c3 cxd4 5. cxd4 g5 6. Bg3 Bg7 7. e3 Nf6 8. Nc3 a6 9. Nf3 Bg4 10. Be2 Nbd7 11. 0-0 Ne4 12. Nxd5 Nxg3 13. hxg3 e6 14. Nc3 0-0 15. Nd2 Bxe2 16. Qxe2 Qc7 17. Rac1 Qd6 18. Nb3 Rfc8 19. Ne4 Qd5 20. Nec5 Nxc5 21. dxc5 Bf8 22. Rfd1 Qe5 23. Qc2 Rc7 24. Qc3 Qf5 25. Qa5 Rc6 26. Nd4 Rxc5 27. Qb6 Rxc1 28. Rxc1 Qd5 29. Rc7 e5 30. Nf3 e4 31. Nd4 Rb8 32. Qa7 Rd8 33. Qxb7 Qxa2 34. b3 Qa1+ 35. Kh2 Qd1 36. Qxa6 Qh5+ 37. Kg1 Qd1+ 38. Qf1 Qxf1+ 39. Kxf1 Bb4 40. Rc4 Ba5 41. b4 Bb6 42. Nf5 Kh7 43. Rxe4 Kg6 44. Nd4 Rd6 45. Ke2 Kf6 46. Kd3 Kg6 47. Kc4 Kf6 48. Re8 Kg6 49. Rc8 h5 50. b5 g4 51. Rc6 Rf6 52. Rxf6+ Kxf6 53. Kd5 Ke7 54. Ke5 f6+ 55. Kf5 Kf7 56. Nc6 Bc7 57. Nb4 Bb8 58. b6 Be5 59. Nc6 Bd6 60. b7 Bc7 61. b8Q 1-0